000 00383 a2200097 4500
082 _a363.125 DAN
100 _aDang, Jennifer N.
245 _aStatistical Analysis of Alcohol Related Driving Trends, 1982-2005 /
_cJennifer N. Dang
260 _aWashington :
_bU. S. Department of Transportation Federal Highway Administration,
_c2008
300 _axii, 55p. :
_bill. ;
_c30 cm
650 _aAlcohol Related Driving Trends
999 _c2201
_d2201